Dětský svět cyklus drobných skladbiček pro klavír /
| Main Author: | Lachout, Karel, 1929- |
|---|---|
| Language: | No linguistic content |
| Published: |
Praha : Státní nakladatelství krásné literatury, hudby a umění, 1959 |
| Edition: | 1. vyd. |
| Physical Description: |
15 s. |
| LEADER | 00752ncm a22002172a 4500 | ||
|---|---|---|---|
| 001 | 001229967 | ||
| 003 | CZ BrMZK | ||
| 005 | 20120712074518.0 | ||
| 007 | qu | ||
| 008 | 120712s1959 xr |||||||||||||||||zxx d | ||
| 040 | |a BOA001 |b cze | ||
| 072 | 7 | |a 786 |x Hudba pro klávesové nástroje |2 Konspekt |9 9 | |
| 100 | 1 | |a Lachout, Karel, |d 1929- |7 jk01071396 |4 cmp | |
| 245 | 1 | 0 | |a Dětský svět |h [hudebnina] : |b cyklus drobných skladbiček pro klavír / |c Karel Lachout |
| 250 | |a 1. vyd. | ||
| 260 | |a Praha : |b Státní nakladatelství krásné literatury, hudby a umění, |c 1959 | ||
| 300 | |a 15 s. | ||
| 910 | |a BOA001 |b Mus4-0417.501 | ||
| 990 | |a MU | ||
| 991 | |b 201207 | ||
| 996 | 6 | |b 2619676477 |c Mus4-0417.501 |l MZK |r Sklad / do 1 hodiny |n 0 |w 001263716 |u 000010 |a 1 |e BOA001 |j MZK50 |s P | |
English
Čeština 